01307nam a2200325Ia 4500001001200000003000800012006001900020007001500039008004100054010001700095020001500112020002800127024001800155040002100173035002100194050002400215082002700239100002400266245008800290260004300378300001500421504006600436533015200502650005500654650005200709650004800761655002900809710001700838856012600855ebr10150458CaPaEBRm u cr cn|||||||||051205s2006 nyu sb 001 0 eng d z 2005057928 z1403983321 z1403974527 (alk. paper)3 z9781403974525 aCaPaEBRcCaPaEBR a(OCoLC)56796287614aJZ1320b.L34 2006eb04a320.973089/96972942221 aLaguerre, Michel S.10aDiaspora, politics, and globalizationh[electronic resource] /cMichel S. Laguerre. aNew York :bPalgrave Macmillan,c2006. axv, 220 p. aIncludes bibliographical references (p. [189]-206) and index. aElectronic reproduction.bPalo Alto, Calif. :cebrary,d2009.nAvailable via World Wide Web.nAccess may be limited to ebrary affiliated libraries. 0aTransnationalismxPolitical aspectsvCase studies. 0aGlobalizationxPolitical aspectsvCase studies. 0aHaitian AmericansxPolitics and government. 7aElectronic books.2local2 aebrary, Inc.40uhttp://site.ebrary.com/lib/rucke/Doc?id=10150458zAn electronic book accessible through the World Wide Web; click to view